| 000 | 00000nam##2200000za#4500 |
| 001 | 9.700264 |
| 003 | CaOODSP |
| 005 | 20210625000745 |
| 007 | cr ||||||||||| |
| 008 | 150407|2015||||xxc|||||o f|0| 0 eng|d |
| 020 | |a978-1-100-25601-6 |
| 040 | |aCaOODSP|beng |
| 043 | |an-cn--- |
| 086 | 1 |aE95-2/19-2015E-PDF |
| 110 | 1 |aCanada. |bInternational Joint Commission. |
| 245 | 12|aA water quality plan of study for the Lake of the Woods Basin |h[electronic resource] |
| 260 | |aOttawa - Ontario : |bInternational Joint Commission |cJanuary 2015. |
| 300 | |a158p.|bfigs., graphs, references, tables |
| 590 | |a15-11|b2015-03-13 |
| 690 | 07|aWater quality|2gcpds |
| 775 | 08|tUn plan d'étude sur la qualité de l'eau pour le bassin du lac des Bois |w(CaOODSP)9.644163 |
| 776 | 0#|tA water quality plan of study for the Lake of the Woods Basin |w(CaOODSP)9.630267 |
| 856 | 40|ahttp://publications.gc.ca|qPDF|s2.93 MB|uhttps://publications.gc.ca/collections/collection_2015/cmi-ijc/E95-2-19-2015-eng.pdf |